000 00396nam a2200157Ia 4500
003 GCL
008 140319s9999 xx 000 0 eng d
040 _aGCL /
_cGCL
082 0 4 _aCH
_b910.02
_bL N
100 1 _aLIBRARY OF CONGRESS
245 1 0 _aOUR AWESOME EARTH /
_cLIBRARY OF CONGRESS
260 _a[S.N] :
_bLIBRARY OF CONGRESS
650 0 4 _aEARTH
650 0 4 _aGEOGRAPHY
942 _2ddc
_cBK
999 _c18984
_d18984